Statistics for Initial Letter of Country by Capital City #1 - 30 Seconds

Click here to take the quiz!

General Stats

  • This quiz has been taken 68 times
  • The average score is 20 of 30

Answer Stats

CapitalLetter% Correct
WarsawP
100%
ParisF
98%
Guatemala CityG
98%
AnkaraT
98%
CanberraA
96%
New DelhiI
96%
IslamabadP
95%
LisbonP
93%
DjiboutiD
91%
Ulaan BaatarM
89%
PyongyangN
88%
CaracasV
88%
NicosiaC
84%
BelgradeS
82%
HavanaC
75%
KhartoumS
75%
MaleM
71%
LuandaA
70%
WellingtonN
66%
BanguiC
59%
TaipeiT
59%
AbujaN
45%
AstanaK
38%
DohaQ
30%
ZagrebC
27%
TbilisiG
23%
NassauB
21%
AntananarivoM
18%
VientianeL
16%
YarenN
9%

Score Distribution

Percentile by Number Answered

Percent of People with Each Score

Your Score History

You have not taken this quiz